Statistics for Lil Wayne The Hits

Click here to take the quiz!

General Stats

  • This quiz has been taken 6 times
  • The average score is 50 of 180

Answer Stats

HintAnswer% Correct
Tha Carter IIIA Milli
100%
Tha CarterGo DJ
80%
Tha Carter IIIGot Money
80%
Tha Carter IIIMr Carter
80%
Tha Carter IIBest Rapper Alive
60%
Tha Carter IVBlunt Blowin
60%
Suffix | Tha Carter IIFireman
60%
Free Weezy AlbumGlory
60%
Tha Carter IVJohn
60%
Tha Carter IIILet The Beat Build
60%
Tha Carter IVMegaman
60%
Tha Carter IIIMrs Officer
60%
Da Drought 3President
60%
Sorry 4 The WaitSorry 4 The Wait
60%
Dedication 3Stuntin
60%
Like Father Like SonStuntin Like My Daddy
60%
Tha Block Is HotTha Block Is Hot
60%
Tha Carter VUproar
60%
Tha Carter III3 Peat
40%
Tha Carter IV6 Foot 7 Foot
40%
Tha Carter IVAbortion
40%
Tha Carter IIIComfortable
40%
I Am Not A Human Being IIDays And Days
40%
RebirthDrop The World
40%
I Am Not A Human Being IIGod Bless Amerika
40%
Tha Carter IIGrown Man
40%
Sorry 4 The Wait 2Hot
40%
Tha Carter IVHow To Hate
40%
Tha Carter IVHow To Love
40%
Tha Carter IIHustler Musik
40%
The LeakI'm Me
40%
Tha Carter IVIts Good
40%
Tha Carter VLet It All Work Out
40%
Tha Carter VLet It Fly
40%
Tha Carter IIILollipop
40%
I Am Not A Human Being IILove Me
40%
Tha Carter IIMoney On My Mind
40%
Dedication 4 | I Am Not A Human Being IINo Worries
40%
Sorry 4 The WaitRacks
40%
I Am Not A Human BeingRight Above It
40%
Tha Carter IVShe Will
40%
Tha Carter IIIShoot Me Down
40%
Tha CarterThis Is The Carter
40%
Sorry 4 The Wait 2Used To
40%
No CeilingsWasted
40%
Dedication 65 Star
20%
Dedication 6: ReloadedAbracadabra
20%
Tha CarterAin't That A B*tch
20%
Dedication 4Amen
20%
No Ceilings 2Back 2 Back
20%
Dedication 6: ReloadedBack From The 80s
20%
Da Drought 3Back On My Grizzy
20%
Dedication 6Bank Account
20%
No CeilingsBanned From T.V
20%
DedicationBass Beat
20%
No Ceilings 3 Side AB.B King Freestyle
20%
Dedication 6: ReloadedBig Bad Wolf
20%
I Am Not A Human BeingBill Gates
20%
Da Drought 3Blooded
20%
500 DegreezBloodline
20%
Dedication 6: ReloadedBloody Mary
20%
Dedication 5Bugatti
20%
Tha Carter VCan't Be Broken
20%
Dedication 4Cashed Out
20%
Tha CarterCash Money Millionaires
20%
Sorry 4 The Wait 2CoCo
20%
Da DroughtCops Is Watchin
20%
Dedication 5Cream
20%
Tha Carter VDark Side Of The Moon
20%
No Ceilings 2Destroyed
20%
No Ceilings 2Diamonds Dancing
20%
No CeilingsD.O.A
20%
Tha Carter VDon't Cry
20%
Tha Carter IIIDontgetit
20%
Dedication 5Don't Kill
20%
Dedication 4Don't Like
20%
Da Drought 3Dough Is What I Got
20%
Sorry 4 The Wait 2Dreams & Nightmares
20%
Tha Block Is HotDrop It Like Its Hot
20%
Sorry 4 The Wait 2Drunk In Love
20%
Dedication 6Everyday We Sick
20%
Dedication 6: ReloadedFamily Fued
20%
Tha Carter VFamous
20%
Dedication 5F*ckin Problems
20%
Tha Block Is HotF*ck The World
20%
Dedication 5F*ckwitmeyouknowigotit
20%
Dedication 5Feds Watching
20%
Trust Fund BabiesFeelin' Like Tunechi
20%
Dedication 6Fly Away
20%
Dedication 6: ReloadedFor Nothing
20%
No Ceilings 3 Side AFor The Night
20%
Dedication 2Georgia Bush/Weezys Ambitionz
20%
Dedication 2Get Em
20%
Lights OutGet Off The Corner
20%
Dedication 2Gettin Some Head
20%
The LeakGossip
20%
Sorry 4 The WaitGrove St. Party
20%
Free Weezy AlbumHe's Dead
20%
Tha Carter IIHit Em Up
20%
No Ceilings 2Hotline Bling
20%
FuneralI Do It
20%
No CeilingsI Got No Ceilings
20%
Tha CarterI Miss My Dawgs
20%
I Am Not A Human Being | No CeilingsI'm Single
20%
Da Drought 2In The Booth
20%
No Ceilings 2Jumpman
20%
Tha Carter VIKant Nobody
20%
No Ceilings 3 Side ALife Is Good
20%
Tha Carter IILock And Load
20%
Free Weezy AlbumLondon Roads
20%
Tha Block Is HotLoud Pipes
20%
No Ceilings 3 Side BLow Down
20%
Dedication 4Mercy
20%
Tha Carter VMona Lisa
20%
Dedication 6My Dawg
20%
Dedication 4My Homies Still
20%
No Ceilings 2My Name Is
20%
DedicationNah This Ain't The Remix
20%
SuffixNew Orleans
20%
Dedication 5New Slaves
20%
RebirthOn Fire
20%
Tha CarterOn My Own
20%
No Ceilings 3 Side AOut West
20%
No Ceilings 3 Side BPeanut Butter
20%
FuneralPiano Trap
20%
Free Weezy AlbumPick Up Your Heart
20%
No CeilingsPoke Her Face
20%
Dedication 2Poppin Them Bottles
20%
Dedication 5Pure Colombia
20%
Dedication 3Put On For The Game
20%
Da Drought 3Put Some Keys On That
20%
Tha Carter IIReciept
20%
I Am Not A Human Being IIRich As F*ck
20%
Dedication 2Ridin Wit Tha AK
20%
Sorry 4 The WaitRollin
20%
RebirthRunnin'
20%
No CeilingsRun This Town
20%
Dedication 4Same Damn Tune
20%
Da Drought 3Seat Down Low
20%
Tha Carter IIShooter
20%
Sorry 4 The Wait 2Sh*t
20%
Da Drought 3Skys The Limit
20%
Tha CarterSnitch
20%
Tha Carter IVSo Special
20%
Dedication 2South Muzik
20%
Dedication 2Sportscenter
20%
Dedication 5Started
20%
Dedication 3Still I Rise
20%
SuffixSuffix
20%
No Ceilings 3 Side BSum 2 Prove
20%
No CeilingsSwag Surf
20%
No CeilingsSweet Dreams
20%
Tha CarterTha Heat
20%
Tha Carter IITha Mobb
20%
No Ceilings 2The Hills
20%
No Ceilings 3 Side BThese Hoes
20%
Dedication 6: ReloadedThought It Was A Drought
20%
No CeilingsThrow It In The Bag
20%
Tha Carter VTook His Time
20%
No Ceilings 2Too Young
20%
Sorry 4 The WaitTunechis Room
20%
No Ceilings 3 Side BTyler Herro
20%
Dedication 5U.O.E.N.O
20%
Da Drought 3Upgrade
20%
FuneralWaynes World
20%
500 DegreezWay Of Life
20%
Dedication 6: ReloadedWeezy N Madonna
20%
Da Drought 3We Takin Over
20%
Tha Carter VWhat About Me
20%
I Am Not A Human BeingWhats Wrong With Them
20%
Dedication 2Where Tha Cash At
20%
No Ceilings 2Where Ya At
20%
500 DegreezWhere You At
20%
Dedication 3Whoever You Like
20%
I Am Not A Human BeingWith You
20%
Dedication 6XO Tour Life
20%
Dedication 6Yeezy Sneakers
20%

Score Distribution

Percentile by Number Answered

Percent of People with Each Score

Your Score History

You have not taken this quiz